Cognition and second language instruction / (رقم التسجيلة. 29863)

تفاصيل مارك
000 -الفاتح
حقل البيانات ثابتة الطول 00671nam a22002057a 4500
003 - محدد رقم الضبط
رقم الضبط OSt
005 - وقت وتاريخ اخر تعامل مع التسجيلة
رقم الضبط 20150408114132.0
008 - عناصر البيانات ثابتة الطول - معلومات عامة
حقل البيانات ثابتة الطول 130425s 2001xxu||||g |||| 00| 0 eng d
040 ## - مصدر الفهرسة
وكالة الفهرسة الأصلية Ma-ua
082 ## - رقم تصنيف ديوى العشرى
رقم الطبعة 21
رقم التصنيف 401.41072
رقم المادة 401.9
245 ## - بيان العنوان
العنوان Cognition and second language instruction /
بيان المسئوليه,etc edited by Peter Robinson.
260 ## - PUBLICATION, DISTRIBUTION, ETC. (IMPRINT)
مكان الناشر او الموزع Cambridge :
اسم الناشر او الموزع Cambridge University Press,
تاريخ النشر أو التوزيع 2001.
490 ## - بيان السلسلة
عنوان السلسلة The Cambridge applied linguistics series
504 ## - تبصرة ببليوجرافية
تبصرة ببليوجرافية,الخ Includes bibliographical references and index.
650 ## - المدخل الاضافى بالموضوع-مصطلح موضوعى
مصطلح موضوعي أو اسم جغرافي كعنصر مدخل Psycholinguistics.
9 (RLIN) 8211
650 ## - المدخل الاضافى بالموضوع-مصطلح موضوعى
مصطلح موضوعي أو اسم جغرافي كعنصر مدخل Second language acquisition.
650 ## - المدخل الاضافى بالموضوع-مصطلح موضوعى
مصطلح موضوعي أو اسم جغرافي كعنصر مدخل Cognition.
700 ## - المدخل الاضافى - اسم شخصى
الإسم الشخصى Robinson, Peter, -
التواريخ المصاحبة للاسم 1956
9 (RLIN) 35630
942 ## - عناصر المدخل الإضافي( كوها)
مصدر التصنيف او مخطط الترفيف Dewey Decimal Classification
Koha [default] item type كتاب
المقتنيات
حالة الفقد نموذج السعر الفعال حالة تلف ليس للاعارة رقم الطلب رقم النسخة تاريخ الاكتساب الموقع الحالي الباركود الفرع الرئيسي Date last seen نوع المادة فى نظام كوها مصدر التصنيف او خطة الترفيف Total Checkouts
  2013-04-25   Not For Loan 401.9 CSC 1 2013-04-25 المكتبة المركزية بالمجمعة (CL) 00305775 المكتبة المركزية بالمجمعة (CL) 2013-04-25 كتاب Dewey Decimal Classification